Borland Delphi : Công cụ phát triển ứng dụng nhanh trên môi trường Windows

Nội dung giới thiệu nâng cao hiệu quả với Delphi 5.0, các thành phần giao tiếp trong lập trình, các tập tin hữu dụng, thư viện liên kết động, xây dựng các ứng dụng CSDL...

Saved in:
Bibliographic Details
Main Author: Thy Anh
Format: Book
Language:Undetermined
Published: Thành phố Hồ Chí Minh Nhà xuất bản Thành phố Hồ Chí Minh 2000
Subjects:
Tags: Add Tag
No Tags, Be the first to tag this record!
Institutions: Trung tâm Học liệu Trường Đại học Cần Thơ
LEADER 00983nam a2200229Ia 4500
001 CTU_40453
008 210402s9999 xx 000 0 und d
020 |b 70.000đ 
082 |a 005.713 
082 |b Th600/T2 
100 |a Thy Anh 
245 0 |a Borland Delphi : 
245 0 |b Công cụ phát triển ứng dụng nhanh trên môi trường Windows 
245 0 |c Thy Anh 
260 |a Thành phố Hồ Chí Minh 
260 |b Nhà xuất bản Thành phố Hồ Chí Minh 
260 |c 2000 
520 |a Nội dung giới thiệu nâng cao hiệu quả với Delphi 5.0, các thành phần giao tiếp trong lập trình, các tập tin hữu dụng, thư viện liên kết động, xây dựng các ứng dụng CSDL... 
650 |a Database management,Windows ( computer programs ) 
650 |x Computer programs 
904 |i Minh, 010313 
980 |a Trung tâm Học liệu Trường Đại học Cần Thơ